Auditing (Record no. 696)

MARC details
000 -LEADER
fixed length control field 00326nam a22001337a 4500
008 - FIXED-LENGTH DATA ELEMENTS--GENERAL INFORMATION
fixed length control field 230606b xxu||||| |||| 00| 0 eng d
020 ## - INTERNATIONAL STANDARD BOOK NUMBER
International Standard Book Number 9781844809424
082 ## - DEWEY DECIMAL CLASSIFICATION NUMBER
Classification number 657.45
245 ## - TITLE STATEMENT
Title Auditing
Statement of responsibility, etc. Cengage Learning EMEA
250 ## - EDITION STATEMENT
Edition statement 9th Edition
260 ## - PUBLICATION, DISTRIBUTION, ETC. (IMPRINT)
Place of publication, distribution, etc. United Kingdom
Name of publisher, distributor, etc. Pat Bond
Date of publication, distribution, etc. 1978
300 ## - PHYSICAL DESCRIPTION
Extent 459 p
942 ## - ADDED ENTRY ELEMENTS (KOHA)
Source of classification or shelving scheme Dewey Decimal Classification
Koha item type Books
Holdings
Withdrawn status Lost status Source of classification or shelving scheme Damaged status Not for loan Home library Current library Date acquired Total Checkouts Full call number Barcode Date last seen Price effective from Koha item type
    Dewey Decimal Classification     Bunge Tower Library Bunge Tower Library 06/06/2023   657.45 10014703 06/06/2023 06/06/2023 Books
    Dewey Decimal Classification     Bunge Tower Library Bunge Tower Library 06/06/2023   657.45 10014674 06/06/2023 06/06/2023 Books
LIBRARY OPENING HOURS

When the Parliament is sitting: 8.00a.m - 7.00p.m or until the house adjourns
Mondays and Fridays and when the House is on Recess:  8.00a.m - 5.00p.m
Closed on Weekends and Public Holidays

Online Public Access Catalog (OPAC)
Website: http://www.parliament.go.ke
Bunge Library: https://libraryir.parliament.go.ke
Contact: library@parliament.go.ke | Tel no: (254-2)2221291 or 2848000 Ext 5043